[Event "Turkey Cup 2020"]
[Site "Antalya-Belek"]
[Date "2020.01.26"]
[Round "1.25"]
[White "Ozsoy, Alimert"]
[Black "Hanci, Ilker"]
[Result "1-0"]
[WhiteElo "2211"]
[BlackElo "1571"]
[Annotator "NA"]
[PlyCount "93"]
[EventDate "2020.01.26"]
[EventType "swiss"]
[EventCountry "TUR"]
[SourceTitle "playchess.com"]
[Source "ChessBase"]
[SourceQuality "1"]

1. e4 Nc6 2. d4 e5 3. dxe5 Nxe5 4. f4 d5 5. Qxd5 Qxd5 6. exd5 Nd7 7. c4 b5 8. Nc3 Bb4 9. Bd2 Bxc3 10. Bxc3 Ngf6 11. O-O-O Bb7 12. Nf3 a5 13. Ne5 Ne4 14. Re1 Nxc3 15. Ng6+ Ne5 16. Rxe5+ Kd7 17. Nxh8 f6 18. bxc3 fxe5 19. Nf7 exf4 20. Bd3 Re8 21. Kd2 Re7 22. Bf5+ Ke8 23. Be6 Rxf7 24. Bxf7+ Kxf7 25. Rb1 c6 26. d6 Ke6 27. c5 Bc8 28. Re1+ Kd5 29. Re7 Kxc5 30. d7 Bxd7 31. Rxd7 b4 32. Rxg7 Kc4 33. cxb4 axb4 34. Rxh7 b3 35. axb3+ Kxb3 36. Rc7 Kb4 37. Rxc6 f3 38. gxf3 Kb5 39. Rc3 Kb4 40. f4 Kb5 41. f5 Kb4 42. f6 Kb5 43. f7 Kb4 44. f8=Q+ Kb5 45. Qb8+ Ka4 46. h3 Ka5 47. Ra3# 1-0

[Event "Turkey Cup 2020"]
[Site "Antalya-Belek"]
[Date "2020.01.26"]
[Round "1.26"]
[White "Durmus, Kenan"]
[Black "Ozkan, Ervin"]
[Result "1/2-1/2"]
[WhiteElo "1611"]
[BlackElo "2185"]
[Annotator "NA"]
[PlyCount "156"]
[EventDate "2020.01.26"]
[EventType "swiss"]
[EventCountry "TUR"]
[SourceTitle "playchess.com"]
[Source "ChessBase"]
[SourceQuality "1"]

1. e4 c6 2. d4 d5 3. Nc3 dxe4 4. Nxe4 Bf5 5. Ng3 Bg6 6. Nf3 Nd7 7. Bd3 e6 8. O-O Ngf6 9. Re1 Be7 10. c3 c5 11. dxc5 Bxc5 12. Ne4 Bxe4 13. Bxe4 Qb6 14. Qc2 Nxe4 15. Rxe4 O-O 16. Rh4 f5 17. Qe2 e5 18. b4 Be7 19. Bg5 Bf6 20. Qd3 Qe6 21. Bxf6 Nxf6 22. Ng5 Qc6 23. Qxf5 Qxc3 24. Rf1 h6 25. Qe6+ Kh8 26. Nf7+ Rxf7 27. Qxf7 e4 28. Qxb7 Rd8 29. Qxa7 Qc2 30. Qe7 Rd1 31. Rxh6+ gxh6 32. Qxf6+ Kh7 33. Qf5+ Kh8 34. Qf8+ Kh7 35. Qf7+ Kh8 36. g3 Rxf1+ 37. Kxf1 Qb1+ 38. Kg2 Qxb4 39. Qb3 Qd6 40. a4 Qc6 41. Qb5 Qa8 42. Kf1 e3 43. Qe5+ Kh7 44. Qe7+ Kg6 45. Qe6+ Kg7 46. Qxe3 Qxa4 47. Qe7+ Kg6 48. Qe6+ Kg7 49. h3 Qb5+ 50. Qe2 Qd5 51. f3 h5 52. Qe7+ Kh6 53. Qe3+ Kg7 54. Qe2 h4 55. g4 Qd6 56. Qf2 Qf4 57. Kg2 Qf6 58. f4 Qc6+ 59. Kh2 Qe4 60. g5 Kg8 61. Qa2+ Kh8 62. Qb2+ Kg8 63. Qb8+ Kh7 64. Qc7+ Kg8 65. Qd8+ Kg7 66. Qd7+ Kg8 67. Qg4 Qc2+ 68. Qg2 Qf5 69. Qf2 Qe4 70. Qxh4 Qe2+ 71. Kg1 Qd1+ 72. Kg2 Qd5+ 73. Kg3 Qd3+ 74. Kg4 Qd1+ 75. Kf5 Qd5+ 76. Kg4 Qd1+ 77. Kg3 Qe1+ 78. Kg4 Qd1+ 1/2-1/2

[Event "Turkey Cup 2020"]
[Site "Antalya-Belek"]
[Date "2020.01.26"]
[Round "1.27"]
[White "Altun, Arda"]
[Black "Erdeve, Esat"]
[Result "1-0"]
[WhiteElo "2200"]
[BlackElo "1593"]
[Annotator "NA"]
[PlyCount "75"]
[EventDate "2020.01.26"]
[EventType "swiss"]
[EventCountry "TUR"]
[SourceTitle "playchess.com"]
[Source "ChessBase"]
[SourceQuality "1"]

1. e4 c5 2. Nf3 Nc6 3. Bb5 a6 4. Bxc6 bxc6 5. d3 d5 6. Nc3 Bg4 7. O-O d4 8. Nb1 Qc7 9. Nbd2 e5 10. Nc4 f6 11. h3 Bh5 12. Bd2 a5 13. a4 Be7 14. b3 Bd8 15. g4 Bf7 16. Nh4 Ne7 17. f4 Ng6 18. Nf5 Bxc4 19. bxc4 Nxf4 20. Rb1 Ra7 21. Bxf4 exf4 22. Qc1 g6 23. Nh6 g5 24. Qa3 Be7 25. Qb3 Bd6 26. Rb2 Kf8 27. Rfb1 Qd7 28. Qb6 Rc7 29. Qa6 Kg7 30. Nf5+ Kg6 31. Rb8 Rcc8 32. Rxc8 Rxc8 33. Nxd6 Qxd6 34. Qxc8 f3 35. Qg8+ Kh6 36. Qb8 Qe6 37. Qf8+ Kg6 38. Rb7 1-0

[Event "Turkey Cup 2020"]
[Site "Antalya-Belek"]
[Date "2020.01.26"]
[Round "1.28"]
[White "Durucay, Uygar"]
[Black "Agdelen, Huseyin Can"]
[Result "0-1"]
[WhiteElo "1544"]
[BlackElo "2199"]
[Annotator "NA"]
[PlyCount "86"]
[EventDate "2020.01.26"]
[EventType "swiss"]
[EventCountry "TUR"]
[SourceTitle "playchess.com"]
[Source "ChessBase"]
[SourceQuality "1"]

1. d4 Nf6 2. Bf4 g6 3. e3 Bg7 4. Nd2 O-O 5. Be2 d6 6. Ngf3 b6 7. c3 Bb7 8. a4 a6 9. O-O Nbd7 10. Nc4 Ne4 11. Qc2 Qe8 12. h3 e5 13. Bh2 Qe7 14. Rfd1 Rae8 15. Rac1 Kh8 16. Qd3 Nxf2 17. Kxf2 e4 18. Qd2 exf3 19. Bxf3 Bxf3 20. gxf3 Qe6 21. b3 Qxh3 22. Bg3 Qe6 23. Qd3 f5 24. Nd2 Nf6 25. Bh4 g5 26. Bxg5 Ne4+ 27. Nxe4 fxe4 28. Qe2 Rxf3+ 29. Ke1 Qg4 30. Kd2 Qxg5 31. Rg1 Qf6 32. Rcf1 Rf8 33. Rxf3 Qxf3 34. Rg2 Qxe2+ 35. Kxe2 Rf5 36. Rg4 d5 37. c4 c6 38. cxd5 cxd5 39. Rg1 h5 40. Rg6 Bf6 41. Rg1 h4 42. Kd2 h3 43. Rh1 Rf3 0-1

[Event "Turkey Cup 2020"]
[Site "Antalya-Belek"]
[Date "2020.01.26"]
[Round "1.29"]
[White "Gunduz, Umut Erdem"]
[Black "Mangal, Ali"]
[Result "1-0"]
[WhiteElo "2193"]
[BlackElo "1702"]
[Annotator "NA"]
[PlyCount "81"]
[EventDate "2020.01.26"]
[EventType "swiss"]
[EventCountry "TUR"]
[SourceTitle "playchess.com"]
[Source "ChessBase"]
[SourceQuality "1"]

1. e4 e5 2. Nf3 Nc6 3. Bb5 a6 4. Ba4 Nf6 5. O-O b5 6. Bb3 d6 7. c3 Na5 8. Bc2 c5 9. d4 Qc7 10. h3 Be7 11. Re1 O-O 12. d5 Nb7 13. b3 a5 14. c4 Bd7 15. a4 b4 16. Nbd2 g6 17. Nf1 Kg7 18. Ng3 Ng8 19. Nh2 Qc8 20. Nhf1 Nd8 21. Ra2 Ra7 22. f4 exf4 23. Bxf4 f6 24. Nh2 Nf7 25. Nf3 Ne5 26. Bb1 Rb7 27. Rf2 Rb8 28. Ref1 Qc7 29. Qd2 Rbe8 30. Ne2 Qc8 31. Nc1 h6 32. Nd3 g5 33. Bh2 Bd8 34. Bc2 Re7 35. Nfxe5 dxe5 36. Nxe5 Be8 37. Ng4 Ref7 38. e5 f5 39. e6 Rf6 40. Be5 Bg6 41. Bxf5 1-0

[Event "Turkey Cup 2020"]
[Site "Antalya-Belek"]
[Date "2020.01.26"]
[Round "1.30"]
[White "Ozgen, Tolga"]
[Black "Ersahin, Bulent"]
[Result "0-1"]
[WhiteElo "1638"]
[BlackElo "2121"]
[Annotator "NA"]
[PlyCount "68"]
[EventDate "2020.01.26"]
[EventType "swiss"]
[EventCountry "TUR"]
[SourceTitle "playchess.com"]
[Source "ChessBase"]
[SourceQuality "1"]

1. d4 Nf6 2. c4 c5 3. d5 e6 4. Nc3 exd5 5. cxd5 d6 6. Nf3 g6 7. g3 Bg7 8. Bg2 O-O 9. Nd2 Nbd7 10. e4 b6 11. O-O Ba6 12. Re1 Ne5 13. f4 Nd3 14. Bf1 Qc8 15. Bxd3 Bxd3 16. Qf3 c4 17. Nf1 b5 18. a3 a6 19. Bd2 Qh3 20. Nd1 Ng4 21. Nf2 Nxf2 22. Qxf2 Bxb2 23. Ra2 Bg7 24. e5 Rfe8 25. Bc3 Rad8 26. Ne3 dxe5 27. Bxe5 Bxe5 28. fxe5 Rxe5 29. Qf6 Rde8 30. Rf2 Qd7 31. Rf3 Qa7 32. Kf2 c3 33. Qf4 c2 34. h4 Be4 0-1

[Event "Turkey Cup 2020"]
[Site "Antalya-Belek"]
[Date "2020.01.26"]
[Round "1.31"]
[White "Can, Melih Kaan"]
[Black "Yilmaz, Serkan"]
[Result "1-0"]
[WhiteElo "2138"]
[BlackElo "1602"]
[Annotator "NA"]
[PlyCount "91"]
[EventDate "2020.01.26"]
[EventType "swiss"]
[EventCountry "TUR"]
[SourceTitle "playchess.com"]
[Source "ChessBase"]
[SourceQuality "1"]

1. d4 Nf6 2. Bf4 d5 3. e3 e6 4. Bd3 Be7 5. Nd2 O-O 6. Ngf3 b6 7. O-O Bb7 8. Ne5 Nbd7 9. Qe2 c5 10. c3 c4 11. Bc2 Rc8 12. Rfe1 b5 13. a3 a5 14. e4 Re8 15. Nxd7 Nxd7 16. e5 Nf8 17. Qh5 Ng6 18. Be3 b4 19. axb4 axb4 20. Nf3 b3 21. Bb1 Qc7 22. Bg5 Nf8 23. Bxe7 Qxe7 24. Ng5 h6 25. Nh3 Ra8 26. Rxa8 Rxa8 27. f4 Bc8 28. g4 Ra6 29. f5 f6 30. Nf4 fxe5 31. dxe5 exf5 32. gxf5 Qa7+ 33. Kf1 d4 34. e6 d3 35. e7 Bd7 36. exf8=Q+ Kxf8 37. Ng6+ Kg8 38. Ne7+ Kh7 39. Qf7 Qb8 40. Kg2 Qb7+ 41. Kg3 Qc7+ 42. Kh3 Ra8 43. Rg1 Bxf5+ 44. Qxf5+ Kh8 45. Qf7 Qd7+ 46. Rg4 1-0

[Event "Turkey Cup 2020"]
[Site "Antalya-Belek"]
[Date "2020.01.26"]
[Round "1.33"]
[White "Bacak, Muhammed Kaan"]
[Black "Kapusuz, Hasan Huseyin"]
[Result "1-0"]
[WhiteElo "2158"]
[BlackElo "1605"]
[Annotator "NA"]
[PlyCount "65"]
[EventDate "2020.01.26"]
[EventType "swiss"]
[EventCountry "TUR"]
[SourceTitle "playchess.com"]
[Source "ChessBase"]
[SourceQuality "1"]

1. c4 c5 2. Nf3 g6 3. g3 Bg7 4. Bg2 Nc6 5. Nc3 Nh6 6. O-O Nf5 7. b3 O-O 8. Bb2 Rb8 9. e3 e6 10. Rb1 b6 11. Ne2 Bxb2 12. Rxb2 Qf6 13. d4 cxd4 14. Nfxd4 Ncxd4 15. Nxd4 Nxd4 16. exd4 Bb7 17. Bxb7 Rxb7 18. Qd3 d5 19. cxd5 exd5 20. Re1 Rc7 21. Re5 Rfc8 22. Rd2 Rc3 23. Qe2 Qc6 24. Re7 a5 25. Kg2 a4 26. bxa4 Qxa4 27. Qe5 Qc6 28. h4 h5 29. Re2 Rc4 30. Re3 Rf8 31. Rf3 Rc3 32. Rf6 Qc8 33. Rxg6+ 1-0

[Event "Turkey Cup 2020"]
[Site "Antalya-Belek"]
[Date "2020.01.26"]
[Round "1.34"]
[White "Turan, Fatih"]
[Black "Baylav, Can"]
[Result "0-1"]
[WhiteElo "1354"]
[BlackElo "2176"]
[Annotator "NA"]
[PlyCount "112"]
[EventDate "2020.01.26"]
[EventType "swiss"]
[EventCountry "TUR"]
[SourceTitle "playchess.com"]
[Source "ChessBase"]
[SourceQuality "1"]

1. d4 Nf6 2. c4 g6 3. Nc3 d5 4. cxd5 Nxd5 5. e4 Nxc3 6. bxc3 Bg7 7. Qa4+ Qd7 8. Qxd7+ Bxd7 9. Nf3 c5 10. Bc4 Nc6 11. Be3 Rc8 12. Rc1 Na5 13. Be2 O-O 14. O-O b6 15. Rfd1 Ba4 16. Re1 Rfd8 17. h3 cxd4 18. cxd4 Rc2 19. Rxc2 Bxc2 20. e5 Be4 21. Rc1 Nc6 22. Bb5 Nb4 23. Rc7 a6 24. Bc4 Bxf3 25. gxf3 Bf8 26. a3 Nd5 27. Ra7 a5 28. Bd2 Kg7 29. Kf1 h6 30. Ke2 g5 31. Kd3 e6 32. Bc1 Ne7 33. Rc7 Nf5 34. Bb2 Kg6 35. Bb5 h5 36. Bc6 Nh4 37. Kc4 Ng2 38. Kb5 Nf4 39. Be4+ Kg7 40. h4 gxh4 41. Rc1 Ne2 42. Rh1 Be7 43. Kxb6 a4 44. Kc7 Nxd4 45. Rg1+ Kh8 46. f4 Ne2 47. Re1 Nxf4 48. Bb1 Nd3 49. Rd1 Nxb2 50. Rxd8+ Bxd8+ 51. Kxd8 h3 52. Ke7 Kg7 53. Be4 Nc4 54. Kd7 Nxa3 55. Kc6 Nc4 56. Kb5 Nd2 0-1

[Event "Turkey Cup 2020"]
[Site "Antalya-Belek"]
[Date "2020.01.26"]
[Round "1.35"]
[White "Kara, Yanki"]
[Black "Deva, Atilla"]
[Result "1-0"]
[WhiteElo "2175"]
[BlackElo "1660"]
[Annotator "NA"]
[PlyCount "109"]
[EventDate "2020.01.26"]
[EventType "swiss"]
[EventCountry "TUR"]
[SourceTitle "playchess.com"]
[Source "ChessBase"]
[SourceQuality "1"]

1. e4 d6 2. d4 Nf6 3. Nc3 Nbd7 4. f4 e5 5. Nf3 exd4 6. Qxd4 c6 7. Bd2 d5 8. O-O-O Bc5 9. Qd3 dxe4 10. Nxe4 O-O 11. Nxc5 Nxc5 12. Qa3 b6 13. Be3 Qe7 14. Bc4 Be6 15. Bxc5 bxc5 16. Rhe1 Qc7 17. Bxe6 Qxf4+ 18. Qe3 Qxe3+ 19. Rxe3 Rfe8 20. Rd6 fxe6 21. Rxc6 Rac8 22. Rcxe6 Rxe6 23. Rxe6 Kf7 24. Ng5+ Kg6 25. Ne4 Rc7 26. Nxf6 gxf6 27. Kd2 h5 28. c4 h4 29. Re3 f5 30. a3 Kf6 31. Kc3 Rg7 32. Re2 f4 33. b4 cxb4+ 34. axb4 h3 35. gxh3 Rh7 36. c5 Rxh3+ 37. Kc4 Rh7 38. c6 f3 39. Rf2 Ke6 40. Rxf3 Rxh2 41. Rd3 Rc2+ 42. Kb5 Rc1 43. Ka6 Rxc6+ 44. Kxa7 Rc2 45. b5 Ra2+ 46. Kb7 Ke7 47. b6 Ra1 48. Kb8 Ra2 49. Rd4 Ra1 50. b7 Ra2 51. Kc7 Rc2+ 52. Kb6 Rb2+ 53. Kc6 Rc2+ 54. Kb5 Rb2+ 55. Rb4 1-0

[Event "Turkey Cup 2020"]
[Site "Antalya-Belek"]
[Date "2020.01.26"]
[Round "1.36"]
[White "Celik, Hilmi"]
[Black "Korkmaz, Necmettin"]
[Result "0-1"]
[WhiteElo "1675"]
[BlackElo "2157"]
[Annotator "NA"]
[PlyCount "113"]
[EventDate "2020.01.26"]
[EventType "swiss"]
[EventCountry "TUR"]
[SourceTitle "playchess.com"]
[Source "ChessBase"]
[SourceQuality "1"]

1. b3 e5 2. Bb2 Nc6 3. e3 Nf6 4. Bb5 Bd6 5. Nf3 e4 6. Nd4 Nxd4 7. Bxd4 Qe7 8. a4 O-O 9. f3 c6 10. Be2 Be5 11. Bxe5 Qxe5 12. Nc3 exf3 13. Bxf3 d5 14. O-O Bf5 15. Ne2 Rad8 16. a5 Rfe8 17. a6 b6 18. Nd4 Bd7 19. b4 c5 20. bxc5 bxc5 21. Nb3 Bb5 22. Re1 Qd6 23. Qc1 d4 24. d3 dxe3 25. Rxe3 c4 26. Rxe8+ Rxe8 27. dxc4 Bxc4 28. Qd2 Qe6 29. Nd4 Qb6 30. c3 Bxa6 31. Qa2 Bd3 32. Qxa7 Qb2 33. Rd1 Qxc3 34. Qa1 Qb4 35. Nc6 Qh4 36. Qc3 Bg6 37. h3 Qg3 38. Qd2 h5 39. Qf2 Qg5 40. Re1 Be4 41. Bxe4 Nxe4 42. Qe3 Qd5 43. Qb6 Kh7 44. Nb4 Qd2 45. Rf1 Re6 46. Qb5 Qd4+ 47. Kh2 Qd6+ 48. Kg1 Qd4+ 49. Kh2 Qd6+ 50. Kg1 Ng3 51. Rb1 Qd4+ 52. Kh2 Qf4 53. Qd3+ Nf5+ 54. Kh1 g6 55. Qf3 Qg5 56. Nd3 h4 57. Qf4 0-1

[Event "Turkey Cup 2020"]
[Site "Antalya-Belek"]
[Date "2020.01.26"]
[Round "1.37"]
[White "Pektas, Yigit"]
[Black "Ozdemir, Metin"]
[Result "1-0"]
[WhiteElo "2155"]
[BlackElo "1435"]
[Annotator "NA"]
[PlyCount "81"]
[EventDate "2020.01.26"]
[EventType "swiss"]
[EventCountry "TUR"]
[SourceTitle "playchess.com"]
[Source "ChessBase"]
[SourceQuality "1"]

1. d4 d5 2. Nf3 Nf6 3. c4 c6 4. Qc2 g6 5. Bf4 Bg7 6. e3 Bf5 7. Bd3 Ne4 8. Nc3 Nd6 9. cxd5 Bxd3 10. Qxd3 cxd5 11. Nxd5 Nc6 12. O-O O-O 13. Nc3 a6 14. Rac1 Rc8 15. Rfd1 Qa5 16. Bxd6 exd6 17. a3 Qh5 18. Ne4 Qd5 19. Nc3 Qh5 20. Ne2 Bh6 21. Ng3 Qa5 22. Ne4 Qd8 23. d5 Na7 24. Qd4 Rxc1 25. Rxc1 Nc8 26. Nf6+ Kh8 27. Ne8+ Kg8 28. Nf6+ Kh8 29. g4 Bg7 30. g5 Nb6 31. Nd2 Bxf6 32. Qxf6+ Qxf6 33. gxf6 Nxd5 34. Ne4 Rb8 35. Rd1 Nb6 36. Rxd6 Nc4 37. Rd7 Kg8 38. Ng5 b5 39. Rxf7 Rb6 40. Rg7+ Kf8 41. Nxh7+ 1-0

[Event "Turkey Cup 2020"]
[Site "Antalya-Belek"]
[Date "2020.01.26"]
[Round "1.38"]
[White "Urun, Sina Mete"]
[Black "Guven, Oguz Kagan"]
[Result "0-1"]
[WhiteElo "1494"]
[BlackElo "2143"]
[Annotator "NA"]
[PlyCount "76"]
[EventDate "2020.01.26"]
[EventType "swiss"]
[EventCountry "TUR"]
[SourceTitle "playchess.com"]
[Source "ChessBase"]
[SourceQuality "1"]

1. e4 g6 2. d4 Bg7 3. Nc3 d6 4. Bf4 a6 5. Qd2 b5 6. a3 Bb7 7. Nge2 Nd7 8. f3 c5 9. Be3 Ngf6 10. Bh6 O-O 11. g4 cxd4 12. Nxd4 e5 13. Nb3 Nxe4 14. Nxe4 Qh4+ 15. Qf2 Qxh6 16. Nxd6 Bd5 17. Nd2 Nf6 18. Rg1 Qf4 19. g5 e4 20. fxe4 Qxf2+ 21. Kxf2 Nxe4+ 22. N6xe4 Bd4+ 23. Kg2 Be3 24. c4 Bb7 25. cxb5 Rad8 26. Kg3 Bxg1 27. bxa6 Ba8 28. h4 Kg7 29. Nf3 Ba7 30. Nf6 Bb8+ 31. Kf2 Ba7+ 32. Kg3 Rb8 33. b4 Rfc8 34. Bg2 Rc3 35. Ng4 Rb6 36. Nge5 Rxa6 37. a4 Bb8 38. Kf2 Bxe5 0-1

[Event "Turkey Cup 2020"]
[Site "Antalya-Belek"]
[Date "2020.01.26"]
[Round "1.39"]
[White "Erdogan, Anil Berk"]
[Black "Yuksel, Oktay Yigit"]
[Result "1-0"]
[WhiteElo "2147"]
[BlackElo "1464"]
[Annotator "NA"]
[PlyCount "74"]
[EventDate "2020.01.26"]
[EventType "swiss"]
[EventCountry "TUR"]
[SourceTitle "playchess.com"]
[Source "ChessBase"]
[SourceQuality "1"]

1. e4 c5 2. Nf3 d6 3. d4 cxd4 4. Nxd4 Nf6 5. Nc3 a6 6. h3 e6 7. g4 Be7 8. g5 Nfd7 9. h4 b5 10. Bg2 Bb7 11. Be3 Nb6 12. b3 N8d7 13. Qd2 Rc8 14. Nce2 d5 15. Ng3 dxe4 16. O-O Nd5 17. Nxe4 Bb4 18. Qe2 Nc3 19. Nxc3 Bxg2 20. Kxg2 Bxc3 21. Rad1 O-O 22. a4 bxa4 23. bxa4 Qb6 24. Kg1 Nc5 25. Nb3 Bb4 26. Rb1 Qc7 27. c3 Nxb3 28. cxb4 Qc3 29. Rfd1 Rfd8 30. Rxd8+ Rxd8 31. b5 axb5 32. axb5 Nd4 33. Qd1 e5 34. b6 Nc6 35. Qc1 Nd4 36. Bxd4 exd4 37. b7 Kf8 1-0

[Event "Turkey Cup 2020"]
[Site "Antalya-Belek"]
[Date "2020.01.26"]
[Round "1.40"]
[White "Demirkesen, Mehmet Cihad"]
[Black "Kesgin, Halit Kaan"]
[Result "0-1"]
[WhiteElo "1592"]
[BlackElo "2061"]
[Annotator "NA"]
[PlyCount "68"]
[EventDate "2020.01.26"]
[EventType "swiss"]
[EventCountry "TUR"]
[SourceTitle "playchess.com"]
[Source "ChessBase"]
[SourceQuality "1"]

1. c4 Nf6 2. Nc3 e6 3. d4 Bb4 4. a3 Bxc3+ 5. bxc3 b6 6. Nf3 Bb7 7. h3 d6 8. Bf4 O-O 9. e3 Ne4 10. Bd3 Nd7 11. O-O h6 12. Qc2 f5 13. Nd2 Nxd2 14. Qxd2 e5 15. Bh2 Qg5 16. f4 exf4 17. Rxf4 Rae8 18. Re1 Be4 19. Bxe4 fxe4 20. Ref1 Qa5 21. Rxf8+ Rxf8 22. Rxf8+ Nxf8 23. Qa2 Qxc3 24. c5+ Kh7 25. Bf4 Ng6 26. cxd6 Nxf4 27. d7 Qxe3+ 28. Kh2 Qxd4 29. Qf7 e3 30. h4 e2 31. Qe8 Qxd7 32. Qxd7 e1=Q 33. Qf5+ Ng6 34. h5 Qe5+ 0-1

[Event "Turkey Cup 2020"]
[Site "Antalya-Belek"]
[Date "2020.01.26"]
[Round "1.41"]
[White "Demirbag, Alihan"]
[Black "Erkam, Hakan Oguzcan"]
[Result "1-0"]
[WhiteElo "2104"]
[BlackElo "1538"]
[Annotator "NA"]
[PlyCount "87"]
[EventDate "2020.01.26"]
[EventType "swiss"]
[EventCountry "TUR"]
[SourceTitle "playchess.com"]
[Source "ChessBase"]
[SourceQuality "1"]

1. e4 d6 2. Nc3 Nf6 3. g3 g6 4. Bg2 Bg7 5. d3 c6 6. f4 Nbd7 7. Nf3 e5 8. O-O O-O 9. f5 d5 10. Nh4 dxe4 11. dxe4 b6 12. Qf3 Ba6 13. Rd1 Qe7 14. g4 Rad8 15. Qh3 Nc5 16. Be3 Nfd7 17. g5 Bc8 18. Qg3 Qe8 19. b4 Na6 20. f6 Nxf6 21. gxf6 Bxf6 22. b5 cxb5 23. Bh6 Rxd1+ 24. Rxd1 Bg7 25. Bxg7 Kxg7 26. Rd5 f6 27. Rxb5 Nc5 28. Rb1 Be6 29. Rd1 Qc8 30. Kh1 Qa6 31. Rg1 Qc8 32. Bh3 Qe8 33. Bxe6 Nxe6 34. Nd5 Nd4 35. Qg4 Qf7 36. c3 Ne6 37. Rf1 Qe8 38. Nf5+ Kh8 39. Nfe3 Kg7 40. h4 Rf7 41. Nf5+ Kh8 42. Nd6 Qd7 43. Nxf7+ Qxf7 44. Rxf6 1-0

[Event "Turkey Cup 2020"]
[Site "Antalya-Belek"]
[Date "2020.01.26"]
[Round "1.42"]
[White "Kervancioglu, Talu"]
[Black "Ozdemir, Serhan Berat"]
[Result "0-1"]
[WhiteElo "1539"]
[BlackElo "2139"]
[Annotator "NA"]
[PlyCount "52"]
[EventDate "2020.01.26"]
[EventType "swiss"]
[EventCountry "TUR"]
[SourceTitle "playchess.com"]
[Source "ChessBase"]
[SourceQuality "1"]

1. e4 c5 2. Nf3 e6 3. d4 cxd4 4. Nxd4 Nc6 5. Nc3 Nf6 6. a3 Be7 7. Bc4 d5 8. exd5 exd5 9. Bb5 Bd7 10. O-O h6 11. Be3 O-O 12. h3 a6 13. Bd3 Qc7 14. Nf5 Bxf5 15. Bxf5 Qe5 16. Qd3 d4 17. Bxh6 dxc3 18. Rfe1 Qd6 19. Qe3 Nd5 20. Qe4 Qxh6 21. Qxd5 cxb2 22. Rab1 Bf6 23. c3 Rad8 24. Qb3 Qg5 25. Qc2 g6 26. Re3 Qxf5 0-1

[Event "Turkey Cup 2020"]
[Site "Antalya-Belek"]
[Date "2020.01.26"]
[Round "1.43"]
[White "Tepe, Efe Can"]
[Black "Colak, Demir"]
[Result "1-0"]
[WhiteElo "2137"]
[BlackElo "1577"]
[Annotator "NA"]
[PlyCount "105"]
[EventDate "2020.01.26"]
[EventType "swiss"]
[EventCountry "TUR"]
[SourceTitle "playchess.com"]
[Source "ChessBase"]
[SourceQuality "1"]

1. e4 d5 2. exd5 Qxd5 3. Nf3 Bg4 4. Be2 Nf6 5. h3 Bxf3 6. Bxf3 Qe5+ 7. Qe2 Qxe2+ 8. Kxe2 c6 9. d4 Nbd7 10. Re1 e6 11. Kf1 Bd6 12. b3 O-O 13. Bb2 Rfd8 14. a3 Nb6 15. c4 Be7 16. Rd1 Rd7 17. Nd2 Rad8 18. Rac1 Ne8 19. Ne4 f5 20. Nc5 Bxc5 21. dxc5 Rxd1+ 22. Bxd1 Nd7 23. b4 Ndf6 24. Bc2 Kf7 25. Ke2 g6 26. Bc3 Nc7 27. f4 Rd7 28. Kf3 h5 29. Be5 a6 30. Ke3 Nfe8 31. a4 Rd8 32. g4 h4 33. g5 Ke7 34. Bd1 Kf7 35. Bf3 Rd7 36. Rc3 Ke7 37. Rd3 Rxd3+ 38. Kxd3 Kd7 39. b5 axb5 40. axb5 cxb5 41. Bxb7 bxc4+ 42. Kxc4 Kd8 43. Bc6 Kc8 44. Bxe8 Nxe8 45. Kb5 Kb7 46. c6+ Ka7 47. Kc5 Ka6 48. Bb8 Ng7 49. Kd6 e5 50. c7 Ne8+ 51. Kxe5 Kb7 52. Ke6 Ng7+ 53. Kd7 1-0

[Event "Turkey Cup 2020"]
[Site "Antalya-Belek"]
[Date "2020.01.26"]
[Round "1.44"]
[White "Ozeler, Nedim"]
[Black "Gulbeyaz, Emir"]
[Result "0-1"]
[WhiteElo "1667"]
[BlackElo "2121"]
[Annotator "NA"]
[PlyCount "92"]
[EventDate "2020.01.26"]
[EventType "swiss"]
[EventCountry "TUR"]
[SourceTitle "playchess.com"]
[Source "ChessBase"]
[SourceQuality "1"]

1. d4 g6 2. Nf3 Bg7 3. e3 d6 4. Be2 Nd7 5. O-O e5 6. Nbd2 Ngf6 7. dxe5 dxe5 8. e4 O-O 9. c3 b6 10. Qc2 Bb7 11. Re1 Nh5 12. Nf1 Kh8 13. Ng3 Nf4 14. Bf1 Qe7 15. Be3 a5 16. Rad1 Nc5 17. a3 a4 18. Bc4 h5 19. h4 Bc8 20. Bd5 Nxd5 21. Rxd5 Be6 22. Bxc5 bxc5 23. Rd3 Bc4 24. Rd2 Bh6 25. Nf1 Bb3 26. Qc1 Bxd2 27. Qxd2 Kg7 28. Qe3 Rad8 29. N1d2 Rd7 30. c4 Rb8 31. Qc3 f6 32. Nf1 c6 33. Ne3 Qd8 34. Nxe5 fxe5 35. Qxe5+ Kh7 36. g4 Qc7 37. Qg5 Rg7 38. Kf1 Qe7 39. gxh5 Qxe4 40. h6 Rf7 41. Ng2 Qf5 42. f4 Bxc4+ 43. Kg1 Bd5 44. Re5 Qxg5 45. fxg5 Bxg2 46. Kxg2 Rxb2+ 0-1

[Event "Turkey Cup 2020"]
[Site "Antalya-Belek"]
[Date "2020.01.26"]
[Round "1.45"]
[White "Karaoglan, Kivanc"]
[Black "Sepici, Batuhan"]
[Result "1-0"]
[WhiteElo "2123"]
[BlackElo "1539"]
[Annotator "NA"]
[PlyCount "114"]
[EventDate "2020.01.26"]
[EventType "swiss"]
[EventCountry "TUR"]
[SourceTitle "playchess.com"]
[Source "ChessBase"]
[SourceQuality "1"]

1. e4 e6 2. d4 d5 3. e5 c5 4. c3 Qb6 5. Nf3 Nc6 6. Be2 cxd4 7. cxd4 Nh6 8. Bxh6 Qxb2 9. Nbd2 gxh6 10. O-O Qb6 11. Rb1 Qc7 12. Nb3 Bg7 13. Qd2 O-O 14. Bd3 Ne7 15. Rfc1 Qd8 16. a4 b6 17. a5 Bd7 18. h4 Ba4 19. h5 Qd7 20. Nh2 Rac8 21. Rxc8 Rxc8 22. Ng4 Nf5 23. Bxf5 exf5 24. Nf6+ Bxf6 25. exf6 f4 26. Qxf4 Kh8 27. axb6 axb6 28. Nd2 Rg8 29. Rxb6 Qh3 30. Qf3 Qd7 31. Nf1 Bc2 32. Qf4 Qf5 33. Qxf5 Bxf5 34. Ne3 Be6 35. f4 Re8 36. Kf2 Kg8 37. f5 Bc8 38. Nxd5 Kf8 39. Ne7 Bd7 40. g4 Ra8 41. Ke3 Ra3+ 42. Ke4 Rg3 43. Kf4 Rd3 44. Rb8+ Be8 45. Rb4 Rd1 46. d5 Re1 47. Re4 Ra1 48. Ke5 Bd7 49. Kd6 Be8 50. Nc6 Rb1 51. Rb4 Rc1 52. Ne5 Rc8 53. Nd7+ Kg8 54. Rb7 Rd8 55. Ke7 Rc8 56. d6 Kh8 57. Ne5 Rb8 1-0

[Event "Turkey Cup 2020"]
[Site "Antalya-Belek"]
[Date "2020.01.26"]
[Round "1.46"]
[White "Turkkan, Ece"]
[Black "Yelligedik, Murat"]
[Result "0-1"]
[WhiteElo "1563"]
[BlackElo "2056"]
[Annotator "NA"]
[PlyCount "90"]
[EventDate "2020.01.26"]
[EventType "swiss"]
[EventCountry "TUR"]
[SourceTitle "playchess.com"]
[Source "ChessBase"]
[SourceQuality "1"]

1. d4 c5 2. e3 Nf6 3. Nf3 e6 4. Bd3 d5 5. b3 Nc6 6. Bb2 Bd6 7. O-O O-O 8. Nbd2 Qe7 9. Ne5 cxd4 10. exd4 Qc7 11. Ndf3 Nb4 12. a3 Nxd3 13. Qxd3 Ne4 14. Rac1 f6 15. Ng4 Qe7 16. a4 Bd7 17. Ne3 Qf7 18. c4 Qh5 19. h3 a5 20. Rfe1 Bc6 21. c5 Bc7 22. Nd1 Rae8 23. Nc3 Re7 24. Nb5 Bf4 25. Rcd1 g5 26. Bc1 Bb8 27. Nh2 Bxh2+ 28. Kxh2 Nxf2 29. Qd2 Nxd1 30. Rxd1 g4 31. Rf1 gxh3 32. gxh3 Rg7 33. Qe3 Qg6 34. Qf2 Bxb5 35. axb5 Rff7 36. Ba3 Qd3 37. b6 Qxb3 38. Bc1 Qd3 39. Bh6 Rg6 40. Rg1 e5 41. Rxg6+ hxg6 42. Be3 a4 43. Qg3 a3 44. Qe1 a2 45. Bf2 Qb1 0-1

[Event "Turkey Cup 2020"]
[Site "Antalya-Belek"]
[Date "2020.01.26"]
[Round "1.48"]
[White "Koca, Cisem"]
[Black "Kirilmaz, Emre"]
[Result "0-1"]
[WhiteElo "1643"]
[BlackElo "2068"]
[Annotator "NA"]
[PlyCount "58"]
[EventDate "2020.01.26"]
[EventType "swiss"]
[EventCountry "TUR"]
[SourceTitle "playchess.com"]
[Source "ChessBase"]
[SourceQuality "1"]

1. d4 d5 2. Nf3 c6 3. g3 Bg4 4. Bg2 Nd7 5. O-O Ngf6 6. Nbd2 e6 7. c4 Bd6 8. b3 h5 9. Bb2 Bc7 10. Re1 Bf5 11. h3 Ne4 12. e3 Qf6 13. Qe2 g5 14. Nxe4 Bxe4 15. Nd2 Bxg2 16. Kxg2 O-O-O 17. e4 Kb8 18. Qe3 Qg6 19. e5 f5 20. Ba3 h4 21. Qd3 g4 22. Rh1 dxc4 23. Nxc4 Nxe5 24. Qc3 Nxc4 25. bxc4 hxg3 26. fxg3 gxh3+ 27. Rxh3 Rxh3 28. Kxh3 Qg4+ 29. Kg2 Rg8 0-1